00598nam a22001697a 450000500170000001000150001702000260003203500140005803700090007208200150008124500810009625000060017726000660018327001110024930000200036050000480038020250710110401.0 aENG-145916 c300.00a9789391706173 aEN-129448 bDBAD a181.49921 aThe Historical evolution of India/cRamakrishna Mission Institute of Culture a1 aKolkatabThe Ramakrishna Mission Institute Of Culture c2022 bKolkataaThe Ramakrishna Mission Institute Of Culture Gol Park, Kolkata Indiae700029mrmicsale@gmail.com a245p.c22cm(hb) aProceedings of the Seminar held in May 2017